LEADER 01372nam--2200385---450 001 990002277670203316 005 20200708115737.0 035 $a000227767 035 $aUSA01000227767 035 $a(ALEPH)000227767USA01 035 $a000227767 100 $a20041216d1982----km-y0itay0103----ba 101 0 $aita 102 $aIT 105 $a||||||||001yy 200 1 $a<> accordi sindacali nel pubblico impiego$epluralismo giuridico, separazione degli ordinamenti e forme di comunicazione$fAndrea Orsi Battaglini 210 $aMilano$cGiuffrè$d1982 215 $aVI, 325 p.$d25 cm 225 2 $aPubblicazioni della Facoltà di giurisprudenza$fUniversità di Firenze$v44 410 0$12001$aPubblicazioni della Facoltà di giurisprudenza$fUniversità di Firenze$v44 454 1$12001 461 1$1001-------$12001 606 0 $aImpiego pubblico$xDiritto del lavoro 606 0 $aImpiegati pubblici$xContratti collettivi$xDiritto 676 $a344.01 700 1$aORSI BATTAGLINI,$bAndrea$0246593 801 0$aIT$bsalbc$gISBD 912 $a990002277670203316 951 $aXXV.2.E 46 (IG III 488)$b7506 E.C.$cXXV.2.E 46 (IG III)$d00241700 959 $aBK 969 $aGIU 979 $aSIAV4$b10$c20041216$lUSA01$h1352 979 $aRSIAV3$b90$c20090804$lUSA01$h1002 996 $aAccordi sindacali nel pubblico impiego$9688530 997 $aUNISA